000 00354nam a2200145 i 4500
001 bg
100 1 _aPERZYNA, P.
245 0 _aRównanie ewolucji pustek w obszarze szyjki /
_cP. Perzyna, Z. Nowak.
260 _aWarszawa,
_c1985.
700 1 _aNOWAK, Z.
040 _cBPK
041 _apol
942 _cKS
008 s pl f |000 0 pol
999 _c23131
_d23131
856 _uhttp://koha.tu.koszalin.pl/cgi-bin/koha/opac-detail.pl?biblionumber=23131
_yKatalog online BPK